7 мая. Спектакли театра Краснознаменного Балтфлота. А.Н. Островский. Без вины виноватые: комедия в 4-х действиях. Постановка Засл. арт. РСФСР В.И. Честнокова. Художник В.М. Коваленко (Запись № 11333682)

Подробности
000 -МАРКЕР
контрольное поле 04301nam0a2200529 4500
001 - ИДЕНТИФИКАТОР ЗАПИСИ
контрольное поле RU\NLR\BIBL_A\011986029
005 - ИДЕНТИФИКАТОР ВЕРСИИ
контрольное поле 20260407094428.0
020 ## - НОМЕР ДОКУМЕНТА В НАЦИОНАЛЬНОЙ БИБЛИОГРАФИИ
Код страны Российская Федерация
Основное заглавие издания Российской книжной палаты Ленинград в Великой Отечественной войне. Коллекция. Афиши
035 ## - ДРУГИЕ СИСТЕМНЫЕ НОМЕРА
Идентификатор записи (NLR Aleph) 011986029
100 ## - ДАННЫЕ ОБЩЕЙ ОБРАБОТКИ
Данные общей обработки 20190411d1944 u y0rusy50 ca
101 0# - ЯЗЫК РЕСУРСА
Язык текста, звукозаписи и т.д. русский
102 ## - СТРАНА ПУБЛИКАЦИИ ИЛИ ПРОИЗВОДСТВА
Страна публикации Российская Федерация
105 ## - ПОЛЕ КОДИРОВАННЫХ ДАННЫХ: ТЕКСТОВЫЕ МАТЕРИАЛЫ, МОНОГРАФИЧЕСКИЕ
Кодированные данные о монографическом текстовом документе y z 000zy
135 ## - ПОЛЕ КОДИРОВАННЫХ ДАННЫХ: ЭЛЕКТРОННЫЕ РЕСУРСЫ
Кодированные данные для электронного ресурса crcn 024anaba
200 1# - ЗАГЛАВИЕ И СВЕДЕНИЯ ОБ ОТВЕТСТВЕННОСТИ
Основное заглавие 7 мая. Спектакли театра Краснознаменного Балтфлота. А.Н. Островский. Без вины виноватые: комедия в 4-х действиях. Постановка Засл. арт. РСФСР В.И. Честнокова. Художник В.М. Коваленко
Сведения, относящиеся к заглавию [афиша]
Первые сведения об ответственности Выборгский дом культуры
210 ## - ПУБЛИКАЦИЯ, РАСПРОСТРАНЕНИЕ И ДР.
Место издания, распространения и т.д. [Ленинград]
Имя издателя, распространителя и т. д. ЛТ УН-6
Дата издания, распространения и т.д. [1944]
215 ## - ФИЗИЧЕСКАЯ ХАРАКТЕРИСТИКА
Специфическое обозначение материала и объем 1 л.
Размеры 41х52
300 ## - ОБЩИЕ ПРИМЕЧАНИЯ
Текст примечания Начало спектаклей в 19 часов. Билеты продаются в кассе театра Выборгского Дома Культуры ежедневно с 12 часов дня до 20 часов. Дети до 16 лет на вечерние спектакли не допускаются. Верхнее платье снимать обязательно
300 ## - ОБЩИЕ ПРИМЕЧАНИЯ
Текст примечания Зак. 83
325 ## - ПРИМЕЧАНИЕ О КОПИИ
Текст примечания Копия доступна в Электрон. б-ке РНБ
327 ## - ПРИМЕЧАНИЯ О СОДЕРЖАНИИ
Текст примечания Действующие лица: Отрадина, она же впоследствии Кручинина - арт. Е.В. Аскинази; Муров - арт. А.Г. Рахленко; Аннушка - арт. А.В. Дэльвин; Дудукин - арт. Л.А. Головко; Коринкина - арт. А.З. Курашева, Засл. арт. РСФСР М.А. Варламова; Шмага - арт. М.К. Девяткин; Незнамов - Засл. арт. РСФСР В.И. Честноков; Миловзоров - арт. И.П. Дмитриев; Шелавина - арт. М.Ф. Мамкина; Галчиха - арт. М.Н. Самойлова; Иван - арт. А.М. Ващенко. Ведет спектакль М.Ц. Позин. Художественный руководитель театра Заслуженный артист РСФСР А.В. Пергамент
500 10 - УНИФИЦИРОВАННОЕ ЗАГЛАВИЕ
Связь между полями z20702
Унифицированное заглавие Без вины виноватые
606 1# - НАИМЕНОВАНИЕ ТЕМЫ КАК ПРЕДМЕТ
Наименование темы Театральная жизнь
Формальный подзаголовок Афиши
Географический подзаголовок Ленинград, город
Хронологический подзаголовок 1941 - 1944
Системный номер авторитетной/нормативной записи 2398624
Идентификатор авторитетной/нормативной записи RU\NLR\AUTH\6601649837
686 ## - ИНДЕКСЫ ДРУГИХ КЛАССИФИКАЦИЙ
Индекс Щ333(2Р=Рус)7- 692Ленинград
702 #1 - ИМЯ ЛИЦА - ВТОРИЧНАЯ ОТВЕТСТВЕННОСТЬ
Материалы, к которым относится поле rus
Графика поля Кириллица
Начальный элемент ввода Островский
Часть имени, кроме начального элемента ввода А. Н.
Дополнения к именам, кроме дат драматург
Даты 1823-1886
Расширение инициалов личного имени Александр Николаевич
Идентификатор авторитетной/нормативной записи RU\NLR\AUTH\776244
Системный номер авторитетной/нормативной записи 116199
702 #1 - ИМЯ ЛИЦА - ВТОРИЧНАЯ ОТВЕТСТВЕННОСТЬ
Код отношения Актер
Графика поля Кириллица
Материалы, к которым относится поле rus
Начальный элемент ввода Честноков
Часть имени, кроме начального элемента ввода В. И.
Дополнения к именам, кроме дат актер
Даты 1904-1968
Расширение инициалов личного имени Владимир Иванович
Системный номер авторитетной/нормативной записи 202277
Идентификатор авторитетной/нормативной записи RU\NLR\AUTH\770202328
702 #1 - ИМЯ ЛИЦА - ВТОРИЧНАЯ ОТВЕТСТВЕННОСТЬ
Код отношения Карикатурист, Художник
Графика поля Кириллица
Материалы, к которым относится поле rus
Начальный элемент ввода Коваленко
Часть имени, кроме начального элемента ввода В. М.
Дополнения к именам, кроме дат театр. художник, фотограф
Даты 1908-1966
Расширение инициалов личного имени Вячеслав Михайлович
Системный номер авторитетной/нормативной записи 202284
Идентификатор авторитетной/нормативной записи RU\NLR\AUTH\770202335
710 02 - НАИМЕНОВАНИЕ ОРГАНИЗАЦИИ - ПЕРВИЧНАЯ ОТВЕТСТВЕННОСТЬ
Начальный элемент ввода Театр Краснознаменного Балтийского флота
Идентификатор авторитетной/нормативной записи RU\NLR\AUTH\889919681
Системный номер авторитетной/нормативной записи 335604
712 02 - НАИМЕНОВАНИЕ ОРГАНИЗАЦИИ - ВТОРИЧНАЯ ОТВЕТСТВЕННОСТЬ
Код отношения Прочие
Начальный элемент ввода Выборгский дворец культуры
Идентифицирующий признак Ленинград
Идентификатор авторитетной/нормативной записи RU\NLR\AUTH\889938536
Системный номер авторитетной/нормативной записи 371919
852 ## - МЕСТОНАХОЖДЕНИЕ И ШИФР ХРАНЕНИЯ
Идентификатор организации NLR
Шифр хранения (Call Number) Л3-330а/10/3/1944-май/2
856 #0 - МЕСТОНАХОЖДЕНИЕ ЭЛЕКТРОННЫХ РЕСУРОВ И ДОСТУП К НИМ
Универсальный идентификатор ресурса (Uniform Resource Identifier) http://vivaldi.nlr.ru/la700000340/view
856 #1 - МЕСТОНАХОЖДЕНИЕ ЭЛЕКТРОННЫХ РЕСУРОВ И ДОСТУП К НИМ
Универсальный идентификатор ресурса (Uniform Resource Identifier) http://vivaldi.nlr.ru/la700000340/cover
856 #2 - МЕСТОНАХОЖДЕНИЕ ЭЛЕКТРОННЫХ РЕСУРОВ И ДОСТУП К НИМ
Универсальный идентификатор ресурса (Uniform Resource Identifier) http://vivaldi.nlr.ru/la700000340/text
942 ## - ДОПОЛНИТЕЛЬНЫЕ ЭЛЕМЕНТЫ ЗАПИСИ (АБИС)
Тип экземпляра АБИС Визуальный материал
945 ## - Информацию об издании предоставили:
Полное название организации, предоставившей материал Российская национальная библиотека
980 ## - КОЛЛЕКЦИЯ
Название коллекции Национальная библиография
980 ## - КОЛЛЕКЦИЯ
Название коллекции Библиография Победы
980 3# - КОЛЛЕКЦИЯ
Название коллекции
980 3# - КОЛЛЕКЦИЯ
Название коллекции
981 37 - КОЛЛЕКЦИЯ ЭЛЕКТРОННОЙ БИБЛИОТЕКИ
Название коллекции Ленинград в Великой Отечественной войне
Название подколлекции Афиши блокадного Ленинграда

Нет доступных экземпляров.